000 00519nam a2200181Ia 4500
001 20725
005 20260306172826.0
008 260306t2021||||xx |||||||||||||| ||spa||
041 _aESP
082 _a343.7
_bM86 2021 T. 2
100 _aMorón Urbina, Juan Carlos
_eAUT
245 0 _aComentarios a la ley del procedimiento administrativo general:
_btexto único ordenado de la ley N° 27444
260 _c2021
300 _a910 páginas :
_c25 cm.
650 _aGEN
654 _aCDE
942 _cLIB
_dJUS
_fJUS
_2ddc
_n
999 _c20725
_d20725